Statistiques concernant Les Mugiwaras -One Piece

Cliquez ici pour prendre le quiz!

Statistiques générales

  • Ce quiz a été pris 431 fois
  • Le résultat moyen est 6 sur 10

Statistiques - réponses

Répondreindices% Correct
Monkey D. LuffyCapitaine au chapeau de paille
98%
Roronoa ZoroBretteur aux trois sabres, le chasseur de pirate
92%
NamiLa chatte voleuse
88%
Vinsmoke SanjiLa jambe noire
71%
UsoppLe roi des tireurs d'élite
62%
Tony Tony ChopperFan de barba papa
54%
Nico RobinL'enfant du démon
53%
Franky Cutty FlamLe cyborg
40%
Brook le fredonneurLe fredonneur, Soul King
36%
JinbeiLe paladin des mers
26%

Distribution des résultats

Percentile par nombre de réponses

% des personnes avec chaque résultat

Votre développement - résultats

Vous n’avez pas pris ce quiz